les 15 plus grandes villes de france - Statistiques

Statistiques générales
  • Ce quiz a été pris 184 fois
  • Le résultat moyen est 7 sur 15
Statistiques - réponses
Rang Réponse % Correct
1 paris
100%
2 marseille
97%
3 lyon
95%
4 toulouse
83%
5 nice
62%
6 nantes
54%
10 lille
44%
9 bordeaux
43%
7 montpellier
38%
8 strasbourg
38%
11 rennes
34%
12 toulon
15%
15 le havre
12%
13 reims
12%
14 saint etienne
11%
Aucun quiz correspondant
Distribution des résultats
% des personnes avec chaque résultat
Percentile par nombre de réponses
Votre historique - résultats
Vous n’avez pas pris ce quiz